Ufolar (Kayıt no. 1001334)

MARC ayrıntıları
000 -LEADER
sabit uzunluktaki kontrol alanı 00235nam a2200097Ia 4500
001 - KONTROL NUMARASI
kontrol alanı 1001334
005 - EN SON İŞLEMİN TARİH VE ZAMANI
kontrol alanı 20250826230409.0
008 - SABİT-UZUNLUKTA VERİ ÖĞELERİ--GENEL BİLGİ
sabit uzunluktaki kontrol alanı 250824s9999 xx 000 0 und d
245 #0 - ESER / YAZAR
ESER ADI Ufolar
Yazar Adı Sara Gürbüz Özeren
260 ## - YAYIN, DAĞITIM, VB.
YAYIN EVİ Genç Damla
Mevcut
Düşüm durumu Kayıp durumu Hasar Durumu Ödünç verilmez Ana kütüphane Geçerli Kütüphane Edinilen tarih Toplam ödünç verme sayısı Barkod İade tarihi Son görüntüleme tarihi Son ödünç verme tarihi Fiyatın geçerli olmaya başladığı tarih Koha materyal türü
        HASAN AKBIYIK İLK VE ORTAOKULU HASAN AKBIYIK İLK VE ORTAOKULU 24.08.2025 1 10576491 09.05.2026 24.04.2026 24.04.2026 26.08.2025 Kitaplar
Gemini Bilgi Teknolojileri A.Ş. tarafından düzenlenmiştir.